|
|
|
|
| LEADER |
00000nam a2200000 a 4500 |
| 001 |
UCK2128 |
| 003 |
CL-VaPUC |
| 008 |
041217e20030000US |||||||||||||||||eng|d |
| 020 |
|
|
|a 0387989730
|
| 082 |
0 |
4 |
|a 530
|b COH
|2 21
|
| 100 |
0 |
|
|a Cohen, E. Richard
|e author
|9 497982
|
| 700 |
|
|
|a Lide, David R
|e author
|9 497983
|
| 700 |
|
|
|a Trigg, George L
|e author
|9 544154
|
| 245 |
1 |
0 |
|a AIP physics desk reference
|
| 250 |
|
|
|a 3a. ed
|
| 300 |
|
|
|a 888 p
|
| 942 |
|
|
|c BK
|
| 945 |
|
|
|d 20041217 00:00:00
|a cmena
|
| 260 |
|
|
|a Nueva York
|b Springer
|c 2003
|
| 650 |
|
0 |
|a Física
|9 227844
|
| 650 |
|
0 |
|a Física matemática
|9 260981
|
| 650 |
|
0 |
|a Astronomía
|9 260985
|
| 583 |
|
|
|a last modification
|c 20041217 00:00:00
|k Rodrigo Vera
|
| 999 |
|
|
|c 315962
|d 315960
|
| 952 |
|
|
|0 0
|1 0
|4 0
|6 530_000000000000000_COH_2003
|7 0
|8 A
|9 389869
|a BIBCUR
|b BIBCUR
|d 2019-11-22
|i 4088727
|o 530 COH 2003
|p 4088727
|r 2025-04-22
|w 2019-11-22
|y BK
|k FIS
|